[Event "21st European Teams"]
[Site "Hersonissos GRE"]
[Date "2017.10.29"]
[Round "2.17"]
[Board "3"]
[White "Stefansson, Hannes"]
[Black "Ashiku, Franc"]
[Result "1-0"]
[WhiteTitle "GM"]
[BlackTitle "FM"]
[WhiteElo "2508"]
[BlackElo "2394"]
[WhiteTeam "Iceland"]
[BlackTeam "Albania"]
[WhiteFideId "2300087"]
[BlackFideId "4700066"]
[EventDate "2017.10.28"]

1. e4 e5 2. Nf3 Nc6 3. Bb5 a6 4. Ba4 d6 5. O-O Bd7 6. d4 b5 7. Bb3 Nxd4 8. Nxd4
exd4 9. c3 dxc3 10. Qh5 g6 11. Qd5 Be6 12. Qc6+ Bd7 13. Qxc3 f6 14. f4 Bg7 15.
e5 dxe5 16. fxe5 f5 17. Rd1 Ne7 18. Bg5 c5 19. Qxc5 Rc8 20. Qf2 Qc7 21. Nc3 Qc5
22. Be3 Qb4 23. Rd4 Qa5 24. Rad1 Bc6 25. Rd6 b4 26. Bb6 Qxe5 27. Rd8+ 1-0

[Event "21st European Teams"]
[Site "Hersonissos GRE"]
[Date "2017.10.29"]
[Round "2.17"]
[Board "4"]
[White "Seitaj, Ilir"]
[Black "Kjartansson, Gudmundur"]
[Result "1-0"]
[WhiteTitle "IM"]
[BlackTitle "IM"]
[WhiteElo "2372"]
[BlackElo "2456"]
[WhiteTeam "Albania"]
[BlackTeam "Iceland"]
[WhiteFideId "4700031"]
[BlackFideId "2301318"]
[EventDate "2017.10.28"]

1. e4 d6 2. d4 Nf6 3. Nc3 g6 4. Nf3 Bg7 5. Be2 O-O 6. O-O c6 7. a4 Nbd7 8. Re1
Qc7 9. Bg5 h6 10. Be3 Ng4 11. Bd2 e5 12. dxe5 Ngxe5 13. Nxe5 dxe5 14. Be3 Rd8
15. Qc1 Kh7 16. Rd1 Nf8 17. Rxd8 Qxd8 18. Bc4 Be6 19. Qf1 a5 20. Rd1 Qc7 21. Rd2
Bf6 22. Bxe6 Nxe6 23. Qd1 Rd8 24. Rxd8 Bxd8 25. Qd3 Bg5 26. Nd1 b5 27. axb5 cxb5
28. g3 b4 29. h4 Bxe3 30. Nxe3 Nd4 31. Kg2 a4 32. c3 bxc3 33. bxc3 Ne6 34. Nd5
Qa5 35. Qf3 Qa7 36. Qf6 a3 37. Ne7 Nd8 38. h5 gxh5 39. Qf5+ Kg7 40. Qxe5+ f6 41.
Nf5+ Kf7 42. Qd5+ Ne6 43. Nd6+ Kg7 44. Qxe6 a2 45. Nf5+ Kh7 46. Ne7 1-0

[Event "21st European Teams"]
[Site "Hersonissos GRE"]
[Date "2017.10.29"]
[Round "2.18"]
[Board "1"]
[White "Saraci, Nderim"]
[Black "Djukic, Nikola"]
[Result "0-1"]
[WhiteTitle "FM"]
[BlackTitle "GM"]
[WhiteElo "2393"]
[BlackElo "2519"]
[WhiteTeam "Kosovo"]
[BlackTeam "Montenegro"]
[WhiteFideId "6351921"]
[BlackFideId "922412"]
[EventDate "2017.10.28"]

1. e4 c5 2. Nf3 d6 3. Bb5+ Nd7 4. O-O a6 5. Bd3 Ngf6 6. c3 b5 7. Bc2 Bb7 8. d3
e6 9. Re1 Qc7 10. Nbd2 Rc8 11. a4 Be7 12. Nf1 O-O 13. Ng3 Ne5 14. h3 b4 15. Bd2
a5 16. Rc1 bxc3 17. Bxc3 Nxf3+ 18. Qxf3 d5 19. Nh5 Nxh5 20. Qxh5 d4 21. Bd2 Qb6
22. b3 f5 23. Bg5 Bxg5 24. Qxg5 Rf6 25. f3 h6 26. Qd2 fxe4 27. fxe4 Qb4 28. Re2
Rcf8 29. Qxb4 cxb4 30. Bb1 Ba6 31. Rd2 e5 32. Ba2 Kh7 33. Bb1 h5 34. g3 Rc8 35.
Rxc8 Bxc8 36. h4 Rc6 37. Kf2 Rc3 38. Rb2 Ba6 39. Ke2 Rc1 40. Bc2 Rh1 41. Rb1
Rh2+ 42. Kd1 Rg2 43. Rc1 Rxg3 44. Ke2 Rg2+ 45. Ke1 Rg1+ 46. Kd2 Rxc1 47. Kxc1
Bc8 48. Kd2 Bg4 0-1

[Event "21st European Teams"]
[Site "Hersonissos GRE"]
[Date "2017.10.29"]
[Round "2.18"]
[Board "2"]
[White "Blagojevic, Dragisa"]
[Black "Makolli, Perparim"]
[Result "1/2-1/2"]
[WhiteTitle "GM"]
[BlackTitle "FM"]
[WhiteElo "2488"]
[BlackElo "2333"]
[WhiteTeam "Montenegro"]
[BlackTeam "Kosovo"]
[WhiteFideId "900885"]
[BlackFideId "908630"]
[EventDate "2017.10.28"]

1. d4 d5 2. c4 e6 3. Nf3 Be7 4. g3 Nf6 5. Bg2 O-O 6. O-O c5 7. cxd5 exd5 8. Be3
Na6 9. Nc3 Be6 10. Rc1 Rc8 11. dxc5 Nxc5 12. Nd4 Qa5 13. a3 Qa6 14. Nxe6 fxe6
15. b4 Ncd7 16. Bh3 Kf7 17. Qa4 Nb6 18. Qxa6 bxa6 19. Nb1 Ne4 20. Rxc8 Rxc8 21.
Rc1 Rxc1+ 22. Bxc1 Nc4 23. Bf1 a5 24. bxa5 Nxa5 25. e3 Bf6 26. Nd2 Nc5 27. Nb1
Nab3 28. Bd2 Nxd2 29. Nxd2 Bb2 30. Nb1 Na4 31. Bb5 Nc3 32. Nxc3 Bxc3 1/2-1/2

[Event "21st European Teams"]
[Site "Hersonissos GRE"]
[Date "2017.10.29"]
[Round "2.18"]
[Board "3"]
[White "Ermeni, Avni"]
[Black "Draskovic, Luka"]
[Result "1/2-1/2"]
[WhiteTitle "FM"]
[BlackTitle "IM"]
[WhiteElo "2247"]
[BlackElo "2450"]
[WhiteTeam "Kosovo"]
[BlackTeam "Montenegro"]
[WhiteFideId "912840"]
[BlackFideId "944335"]
[EventDate "2017.10.28"]

1. e4 c5 2. Nc3 Nc6 3. f4 g6 4. Nf3 Bg7 5. Bb5 Nd4 6. O-O Nxb5 7. Nxb5 d6 8. a4
Nf6 9. d3 O-O 10. Qe1 d5 11. e5 Ne8 12. Qh4 f6 13. Bd2 a6 14. Nc3 Nc7 15. a5 Bd7
16. Kh1 Bc6 17. Rae1 Qd7 18. b4 cxb4 19. Ne2 b3 20. cxb3 Bb5 21. d4 Bd3 22. Rf2
Ne6 23. Nc3 Rf7 24. Qh3 f5 25. Ng5 Nxg5 26. fxg5 Be4 27. Nxe4 dxe4 28. Be3 e6
29. g4 f4 30. Rxf4 Rxf4 31. Bxf4 Qxd4 32. Qe3 Bxe5 33. Qxd4 Bxd4 34. Rxe4 e5 35.
Bxe5 Re8 36. Rxd4 Rxe5 37. h4 Rxa5 38. Rd8+ Kf7 39. Rd7+ Kg8 40. Rxb7 Ra2 41.
Rb8+ Kf7 42. Rb7+ Kg8 1/2-1/2

[Event "21st European Teams"]
[Site "Hersonissos GRE"]
[Date "2017.10.29"]
[Round "2.18"]
[Board "4"]
[White "Kalezic, Blazo"]
[Black "Sadiku, Bedri"]
[Result "1-0"]
[WhiteTitle "IM"]
[BlackTitle "IM"]
[WhiteElo "2465"]
[BlackElo "2213"]
[WhiteTeam "Montenegro"]
[BlackTeam "Kosovo"]
[WhiteFideId "921815"]
[BlackFideId "915998"]
[EventDate "2017.10.28"]

1. e4 c5 2. Nf3 a6 3. c3 Nf6 4. e5 Nd5 5. Bc4 e6 6. O-O Nb6 7. Bb3 d6 8. exd6
Bxd6 9. d4 cxd4 10. cxd4 O-O 11. Nc3 Nc6 12. Qe2 Nd5 13. Rd1 Nce7 14. Ne5 Nxc3
15. bxc3 Qc7 16. c4 b6 17. Rd3 Bxe5 18. Qxe5 Ra7 19. Qh5 g6 20. Qe2 b5 21. cxb5
axb5 22. Bh6 Re8 23. Rf3 Bd7 24. Rc1 Qd6 25. Bf4 Qxd4 26. Rd1 Qg7 27. Be5 Qf8
28. Ba1 h6 29. Qe5 Kh7 30. Qf6 Nf5 31. g4 Bc6 32. Rh3 Rd7 33. Rxd7 Bxd7 34. gxf5
exf5 35. Rxh6+ 1-0

[Event "21st European Teams"]
[Site "Hersonissos GRE"]
[Date "2017.10.29"]
[Round "2.19"]
[Board "1"]
[White "Pancevski, Filip"]
[Black "Hristodoulou, Panagiotis"]
[Result "1-0"]
[WhiteTitle "IM"]
[BlackTitle "FM"]
[WhiteElo "2489"]
[BlackElo "2318"]
[WhiteTeam "FYROM"]
[BlackTeam "Greece - Crete"]
[WhiteFideId "15002187"]
[BlackFideId "4214340"]
[EventDate "2017.10.28"]

1. g3 d5 2. Bg2 c6 3. d3 Bg4 4. Nd2 e6 5. h3 Bh5 6. f4 Bc5 7. Nb3 Bb6 8. Nf3 Ne7
9. g4 Bg6 10. e3 Nd7 11. Qe2 f6 12. Bd2 Qc7 13. O-O-O O-O-O 14. Kb1 Rhe8 15. Be1
Nc5 16. Nbd4 Bf7 17. Bg3 Na4 18. Nb3 Bc5 19. Nxc5 Nxc5 20. Qe1 Qb6 21. Qc3 e5
22. fxe5 d4 23. exd4 Na4 24. Qa3 Nd5 25. Kc1 Ne3 26. Qxa4 Nxg2 27. c4 c5 28. d5
fxe5 29. Nxe5 1-0

[Event "21st European Teams"]
[Site "Hersonissos GRE"]
[Date "2017.10.29"]
[Round "2.19"]
[Board "2"]
[White "Vlahos, Kiriakos"]
[Black "Stojanovski, Dejan"]
[Result "1/2-1/2"]
[WhiteTitle "FM"]
[BlackTitle "IM"]
[WhiteElo "2306"]
[BlackElo "2454"]
[WhiteTeam "Greece - Crete"]
[BlackTeam "FYROM"]
[WhiteFideId "4200594"]
[BlackFideId "15000796"]
[EventDate "2017.10.28"]

1. c4 c5 2. g3 Nf6 3. Bg2 d5 4. cxd5 Nxd5 5. Nc3 Nc7 6. Nf3 Nc6 7. O-O e5 8. a3
Rb8 9. d3 Be7 10. Rb1 f6 11. Ne1 Be6 12. f4 O-O 13. fxe5 Nxe5 14. Bf4 Bd6 15.
Nc2 Bb3 16. Qd2 Nc6 17. Bxd6 Qxd6 18. Ne4 Qe7 19. Qc3 Bxc2 20. Qxc2 Ne6 21. e3
Kh8 22. Rfc1 Rbc8 23. b4 cxb4 24. axb4 f5 25. Nf2 a6 26. Qb2 Ng5 27. h4 Nf7 28.
Qe2 Rfe8 29. Bxc6 bxc6 30. e4 Nd6 31. Ra1 Qe5 32. Kg2 fxe4 33. Nxe4 Nxe4 34.
dxe4 Qxe4+ 35. Qxe4 Rxe4 36. Rxa6 Rxb4 1/2-1/2

[Event "21st European Teams"]
[Site "Hersonissos GRE"]
[Date "2017.10.29"]
[Round "2.19"]
[Board "3"]
[White "Nikolovski, Nikola"]
[Black "Naoum, Spyridon"]
[Result "1/2-1/2"]
[WhiteTitle "FM"]
[WhiteElo "2420"]
[BlackElo "2295"]
[WhiteTeam "FYROM"]
[BlackTeam "Greece - Crete"]
[WhiteFideId "15002314"]
[BlackFideId "4227506"]
[EventDate "2017.10.28"]

1. e4 c5 2. Nc3 a6 3. f4 b5 4. g3 Bb7 5. Bg2 e6 6. d3 d5 7. Qe2 Nc6 8. Nf3 Nd4
9. Nxd4 cxd4 10. Nd1 dxe4 11. dxe4 Rc8 12. O-O Nf6 13. Nf2 Be7 14. Rd1 Qb6 15.
b3 O-O 16. Bb2 Rfd8 17. Rd3 Bc5 18. Rad1 b4 19. Qd2 h5 20. e5 Bxg2 21. Kxg2 Nd5
22. Bxd4 Bxd4 23. Rxd4 Qc6 24. Kh3 Qxc2 25. Ne4 a5 26. Nd6 Rc3 27. Qxc2 Rxc2 28.
R1d2 Rc3 29. Kh4 g6 30. Ne4 Rc1 31. Nf6+ Kg7 32. Kg5 Rh1 33. Nxd5 Rxd5 34. Rxd5
exd5 35. f5 Rf1 36. f6+ Kh7 37. Rxd5 Rf5+ 38. Kh4 Rf2 39. Rd7 Kh6 40. g4 Rxh2+
41. Kg3 Re2 42. Rxf7 Rxe5 43. Kf4 Rc5 44. gxh5 Rxh5 45. Rf8 Rf5+ 46. Kg4 Rg5+
47. Kf4 Rf5+ 1/2-1/2

[Event "21st European Teams"]
[Site "Hersonissos GRE"]
[Date "2017.10.29"]
[Round "2.19"]
[Board "4"]
[White "Anagnostopoulos, Konstantinos"]
[Black "Lazov, Toni"]
[Result "1-0"]
[BlackTitle "FM"]
[WhiteElo "2290"]
[BlackElo "2331"]
[WhiteTeam "Greece - Crete"]
[BlackTeam "FYROM"]
[WhiteFideId "4251067"]
[BlackFideId "15000770"]
[EventDate "2017.10.28"]

1. d4 Nf6 2. c4 g6 3. Nc3 Bg7 4. e4 d6 5. h3 O-O 6. Be3 e5 7. d5 Na6 8. g4 Nc5
9. f3 Ne8 10. h4 f5 11. g5 a5 12. Qd2 a4 13. h5 f4 14. Bxc5 dxc5 15. hxg6 hxg6
16. d6 Qxd6 17. Qh2 c6 18. Rd1 Qe7 19. Bh3 Nc7 20. Bxc8 Rfxc8 21. Qh7+ Kf8 22.
Qxg6 Ne6 23. Qf5+ Kg8 24. Rd2 Nd4 25. Qg6 Qf7 26. Rh8+ 1-0

[Event "21st European Teams"]
[Site "Hersonissos GRE"]
[Date "2017.10.29"]
[Round "2.20"]
[Board "1"]
[White "Ziska, Helgi Dam"]
[Black "Tate, Alan"]
[Result "1/2-1/2"]
[WhiteTitle "GM"]
[BlackTitle "FM"]
[WhiteElo "2545"]
[BlackElo "2366"]
[WhiteTeam "Faroe Islands"]
[BlackTeam "Scotland"]
[WhiteFideId "7200595"]
[BlackFideId "2401878"]
[EventDate "2017.10.28"]

1. Nf3 d5 2. g3 Bg4 3. Bg2 c6 4. O-O Nd7 5. h3 Bxf3 6. exf3 e6 7. d3 g6 8. Nd2
Bg7 9. f4 Ne7 10. Nf3 O-O 11. Re1 Qc7 12. Qe2 Nf5 13. c3 Rae8 14. Bd2 f6 15. d4
Nd6 16. h4 Ne4 17. Be3 Nb6 18. Qc2 Nc4 19. Bc1 Ncd6 20. Re2 Nf5 21. Bh3 Kh8 22.
Kg2 Rg8 23. Nd2 Ned6 24. Nf3 Ne4 25. Bd2 Qf7 26. Rae1 Bf8 27. Bc1 Bg7 28. Nd2
Ned6 29. Nf3 Ne4 30. Qd3 Ned6 31. Kh2 Ne4 32. h5 gxh5 33. Bxf5 exf5 34. Kg2 Nd6
35. Rh1 Rxe2 36. Qxe2 Bh6 37. Ne5 Qe8 38. Qxh5 Qxh5 39. Rxh5 Kg7 40. Nf3 Kg6 41.
Rh1 Re8 42. Kf1 Bf8 43. b3 Kg7 44. Nh4 Kg8 45. Be3 Ne4 46. Nxf5 1/2-1/2

[Event "21st European Teams"]
[Site "Hersonissos GRE"]
[Date "2017.10.29"]
[Round "2.20"]
[Board "2"]
[White "Berry, Neil"]
[Black "Nielsen, Hogni Egilstoft"]
[Result "1/2-1/2"]
[WhiteTitle "FM"]
[BlackTitle "FM"]
[WhiteElo "2283"]
[BlackElo "2352"]
[WhiteTeam "Scotland"]
[BlackTeam "Faroe Islands"]
[WhiteFideId "2400650"]
[BlackFideId "7200404"]
[EventDate "2017.10.28"]

1. d4 Nf6 2. c4 e6 3. g3 d5 4. Nf3 Be7 5. Bg2 O-O 6. O-O c6 7. Qc2 b6 8. Nbd2
Bb7 9. e4 dxe4 10. Nxe4 Nbd7 11. Rd1 Qc8 12. Bf4 Nxe4 13. Qxe4 Nf6 14. Qe2 Re8
15. Bh3 Qd8 16. Ne5 Bd6 17. Bg2 Rc8 18. c5 Bb8 19. Qf3 Qe7 20. Bg5 h6 21. Bxf6
gxf6 22. Nc4 bxc5 23. Qg4+ Kh7 24. dxc5 Qxc5 25. Rd7 Re7 26. b4 Qxb4 27. Be4+ f5
28. Rb1 Qxb1+ 29. Bxb1 Rxd7 30. Bxf5+ Kh8 31. Bc2 c5 32. Qh4 Kg7 33. Qg4+ Kf8
34. Qh5 Kg7 35. Qg4+ Kf8 36. Qh5 Kg7 37. Qg4+ Kf8 1/2-1/2

[Event "21st European Teams"]
[Site "Hersonissos GRE"]
[Date "2017.10.29"]
[Round "2.20"]
[Board "3"]
[White "Nielsen, Rogvi Egilstoft"]
[Black "Morrison, Graham SCO"]
[Result "1/2-1/2"]
[WhiteTitle "FM"]
[BlackTitle "FM"]
[WhiteElo "2338"]
[BlackElo "2278"]
[WhiteTeam "Faroe Islands"]
[BlackTeam "Scotland"]
[WhiteFideId "7200447"]
[BlackFideId "2400090"]
[EventDate "2017.10.28"]

1. e4 c6 2. d4 d5 3. exd5 cxd5 4. c4 Nf6 5. Nc3 e6 6. c5 Be7 7. Qc2 O-O 8. Nf3
b6 9. b4 a5 10. Na4 axb4 11. Nxb6 Ra7 12. Bd2 Ne4 13. Bd3 Ba6 14. Bxa6 Rxa6 15.
O-O Nc6 16. Be3 f5 17. Nd2 Bf6 18. Nxe4 fxe4 19. Rad1 Ra3 20. Qe2 Qe7 21. Kh1
Qa7 22. Qb5 Qb7 23. Qe2 Qa7 24. Qb5 Qb7 25. Qe2 1/2-1/2

[Event "21st European Teams"]
[Site "Hersonissos GRE"]
[Date "2017.10.29"]
[Round "2.20"]
[Board "4"]
[White "Grant, Jonathan I M"]
[Black "Nilssen, John Arni"]
[Result "1/2-1/2"]
[BlackTitle "IM"]
[WhiteElo "2179"]
[BlackElo "2326"]
[WhiteTeam "Scotland"]
[BlackTeam "Faroe Islands"]
[WhiteFideId "2400294"]
[BlackFideId "7200137"]
[EventDate "2017.10.28"]

1. c4 e6 2. g3 d5 3. Bg2 Nf6 4. Nf3 Be7 5. O-O O-O 6. d4 dxc4 7. Qa4 a6 8. Qxc4
b5 9. Qc2 Bb7 10. Bd2 Ra7 11. Rd1 Nbd7 12. Ba5 Qa8 13. Nbd2 c5 14. dxc5 Bxc5 15.
Nb3 Be7 16. Rac1 Be4 17. Qd2 Bd5 18. Qe3 Re8 19. Rc2 h6 20. Qc1 Be4 21. Ne1 Ne5
22. Bb6 Rd7 23. Rd4 Bxg2 24. Nxg2 Nc4 25. Rxd7 Nxd7 26. Bd4 e5 27. Bc3 Ndb6 28.
Nd2 Bg5 29. b3 Nxd2 30. Bxd2 Bxd2 31. Rxd2 Nd5 32. Qc5 Rc8 33. Qxd5 Rc1+ 34. Ne1
Rxe1+ 35. Kg2 Qxd5+ 36. Rxd5 Rxe2 37. a4 b4 38. Rd8+ Kh7 39. Rd6 Rb2 40. Rxa6
Rxb3 41. Rb6 e4 42. h4 Rb2 43. Kf1 b3 44. a5 Ra2 45. Rxb3 Rxa5 46. Rb6 Rf5 47.
Kg2 Rf3 48. Rb4 f5 49. Rb6 Ra3 50. Re6 Ra2 51. h5 Ra3 52. Re8 Ra5 53. Rf8 Re5
54. Kf1 g5 55. hxg6+ Kg7 56. Ra8 Kxg6 57. Kg2 Rb5 58. Rg8+ Kf7 59. Ra8 Rb2 60.
Kf1 Rc2 61. Ra6 Kg7 62. Rb6 h5 63. Re6 Ra2 64. Kg1 Ra7 65. Kg2 Rf7 66. f3 exf3+
67. Kxf3 Rf6 68. Re8 Kf7 69. Rh8 Kg6 70. Rg8+ Kh6 71. Kf4 Ra6 72. Kxf5 Ra5+ 73.
Kf6 Ra6+ 74. Kf5 Ra5+ 75. Kf6 1/2-1/2

[Event "21st European Teams"]
[Site "Hersonissos GRE"]
[Date "2017.10.30"]
[Round "3.1"]
[Board "1"]
[White "Leko, Peter"]
[Black "Giri, Anish"]
[Result "1/2-1/2"]
[WhiteTitle "GM"]
[BlackTitle "GM"]
[WhiteElo "2679"]
[BlackElo "2762"]
[WhiteTeam "Hungary"]
[BlackTeam "Netherlands"]
[WhiteFideId "703303"]
[BlackFideId "24116068"]
[EventDate "2017.10.28"]

1. e4 c5 2. Nf3 d6 3. d4 cxd4 4. Nxd4 Nf6 5. Nc3 a6 6. f3 e5 7. Nb3 Be6 8. Be3
Be7 9. Qd2 O-O 10. O-O-O Nbd7 11. g4 b5 12. g5 Nh5 13. Kb1 Nb6 14. Na5 Rc8 15.
Nd5 Nxd5 16. exd5 Bxd5 17. Qxd5 Qxa5 18. c4 Nf4 19. Bxf4 exf4 20. cxb5 axb5 21.
h4 Rc5 22. Qb3 d5 23. Be2 Rd8 24. Rd4 Qb6 25. Rhd1 h6 26. Rxf4 hxg5 27. hxg5
Bxg5 28. Rb4 Rdc8 29. a3 Rc1+ 30. Ka2 Qf2 31. Bxb5 Rxd1 1/2-1/2

[Event "21st European Teams"]
[Site "Hersonissos GRE"]
[Date "2017.10.30"]
[Round "3.1"]
[Board "2"]
[White "L'Ami, Erwin"]
[Black "Erdos, Viktor"]
[Result "1/2-1/2"]
[WhiteTitle "GM"]
[BlackTitle "GM"]
[WhiteElo "2611"]
[BlackElo "2624"]
[WhiteTeam "Netherlands"]
[BlackTeam "Hungary"]
[WhiteFideId "1007998"]
[BlackFideId "719978"]
[EventDate "2017.10.28"]

1. d4 Nf6 2. c4 e6 3. Nf3 d5 4. g3 Be7 5. Bg2 O-O 6. O-O Nbd7 7. Qc2 c6 8. Nbd2
b6 9. e4 dxc4 10. Nxc4 Bb7 11. e5 Nd5 12. h4 h6 13. Qe4 b5 14. Ne3 c5 15. Qg4
Kh8 16. dxc5 Bxc5 17. Nxd5 Bxd5 18. Bf4 Qe8 19. Qh5 f5 20. Qxe8 Rfxe8 21. Rfd1
Nb6 22. Ne1 Bxg2 23. Kxg2 Nd5 24. Nd3 Rac8 25. Rac1 Bb6 26. Bd2 Kg8 27. Nf4
Nxf4+ 28. Bxf4 Rxc1 29. Rxc1 Rd8 30. h5 Kf7 31. Kf3 Rd5 1/2-1/2

[Event "21st European Teams"]
[Site "Hersonissos GRE"]
[Date "2017.10.30"]
[Round "3.1"]
[Board "3"]
[White "Rapport, Richard"]
[Black "Bok, Benjamin"]
[Result "1/2-1/2"]
[WhiteTitle "GM"]
[BlackTitle "GM"]
[WhiteElo "2686"]
[BlackElo "2611"]
[WhiteTeam "Hungary"]
[BlackTeam "Netherlands"]
[WhiteFideId "738590"]
[BlackFideId "1017063"]
[EventDate "2017.10.28"]

1. d4 Nf6 2. c4 g6 3. Nf3 Bg7 4. g3 O-O 5. Bg2 c5 6. d5 e6 7. dxe6 dxe6 8. Qxd8
Rxd8 9. Ne5 Nfd7 10. Nd3 Nb6 11. Na3 Nc6 12. Rb1 Nd4 13. Bg5 f6 14. Be3 Bf8 15.
f4 e5 16. fxe5 fxe5 17. Bg5 Re8 18. Nf2 Bf5 19. Ne4 Be7 20. Bxe7 Rxe7 21. Rc1
Bxe4 22. Bxe4 Kg7 23. Nb1 Nf5 24. Nc3 Rd8 25. b3 Red7 26. Rf1 Ne3 27. Rf3 Ng4
28. h3 Nf6 29. Re3 Nc8 30. g4 h6 31. Bd5 Nxd5 32. Nxd5 Re8 33. Nc3 b6 34. a3 Re6
35. b4 cxb4 36. axb4 Rc6 37. c5 bxc5 38. b5 Re6 39. Na4 Rc7 40. Nxc5 Kf7 41.
Rec3 Rb6 42. Ne4 Rxc3 43. Rxc3 Ne7 44. Rc7 Ke6 45. Rxa7 Rxb5 46. Ra6+ Kd7 47.
Nf6+ Kc7 48. Re6 Kd8 49. Rd6+ Kc8 50. Kf2 Rc5 51. Kf3 Rc6 52. Rxc6+ Nxc6 53. Ke4
Kc7 54. Nh7 Kd6 55. Nf8 g5 56. Ng6 Ke6 57. h4 gxh4 58. Nxh4 Nd8 59. Ng6 Nf7 60.
Nf8+ Ke7 1/2-1/2

[Event "21st European Teams"]
[Site "Hersonissos GRE"]
[Date "2017.10.30"]
[Round "3.1"]
[Board "4"]
[White "Van Foreest, Jorden"]
[Black "Almasi, Zoltan"]
[Result "1/2-1/2"]
[WhiteTitle "GM"]
[BlackTitle "GM"]
[WhiteElo "2609"]
[BlackElo "2707"]
[WhiteTeam "Netherlands"]
[BlackTeam "Hungary"]
[WhiteFideId "1039784"]
[BlackFideId "702293"]
[EventDate "2017.10.28"]

1. e4 e5 2. Nf3 Nc6 3. d4 exd4 4. Nxd4 Nf6 5. Nxc6 bxc6 6. e5 Qe7 7. Qe2 Nd5 8.
c4 Nb6 9. Nc3 a5 10. Bd2 Ba6 11. b3 Qe6 12. Qe4 O-O-O 13. Be2 Re8 14. O-O Qxe5
15. Qc2 Bd6 16. g3 Bb7 17. Bf3 Qf6 18. Bg2 Qg6 19. Ne4 Bb4 20. Be3 c5 21. a3
Bxe4 22. Bxe4 Qxe4 23. Qxe4 Rxe4 24. axb4 axb4 25. Bxc5 Kb7 26. Ra5 Rhe8 27. Kg2
f6 28. Rfa1 Re1 29. Ra7+ Kc6 30. Bxb4 Rxa1 31. Rxa1 d5 32. cxd5+ Nxd5 33. Bd2
Rb8 34. Rb1 Kd6 35. Kf3 c5 36. Ke4 c4 37. b4 c3 38. Be1 c2 39. Rc1 Nxb4 40.
Bxb4+ Rxb4+ 41. Kd3 Rb3+ 42. Kd2 Rf3 1/2-1/2

[Event "21st European Teams"]
[Site "Hersonissos GRE"]
[Date "2017.10.30"]
[Round "3.2"]
[Board "2"]
[White "Nepomniachtchi, Ian"]
[Black "Laznicka, Viktor"]
[Result "1-0"]
[WhiteTitle "GM"]
[BlackTitle "GM"]
[WhiteElo "2733"]
[BlackElo "2654"]
[WhiteTeam "Russia"]
[BlackTeam "Czech Republic"]
[WhiteFideId "4168119"]
[BlackFideId "316385"]
[EventDate "2017.10.28"]

1. e4 c6 2. d4 d5 3. e5 Bf5 4. Nf3 e6 5. Be2 c5 6. Be3 cxd4 7. Nxd4 Ne7 8. O-O
Nbc6 9. Bb5 a6 10. Bxc6+ bxc6 11. c4 Qd7 12. Nc3 dxc4 13. Na4 Nd5 14. Nxf5 exf5
15. Rc1 c3 16. Qc2 Be7 17. Nxc3 Nxe3 18. fxe3 Bg5 19. Rce1 g6 20. g4 fxg4 21.
Ne4 Be7 22. Rd1 Qc8 23. e6 fxe6 24. Qc3 Rf8 25. Rxf8+ Bxf8 26. Qh8 1-0

[Event "21st European Teams"]
[Site "Hersonissos GRE"]
[Date "2017.10.30"]
[Round "3.2"]
[Board "3"]
[White "Hracek, Zbynek"]
[Black "Vitiugov, Nikita"]
[Result "1/2-1/2"]
[WhiteTitle "GM"]
[BlackTitle "GM"]
[WhiteElo "2610"]
[BlackElo "2728"]
[WhiteTeam "Czech Republic"]
[BlackTeam "Russia"]
[WhiteFideId "300071"]
[BlackFideId "4152956"]
[EventDate "2017.10.28"]

1. e4 e5 2. Nf3 Nc6 3. Bb5 a6 4. Ba4 Nf6 5. O-O Be7 6. Re1 b5 7. Bb3 d6 8. c3
O-O 9. h3 Re8 10. d4 Bb7 11. Nbd2 Bf8 12. a3 h6 13. Bc2 Nb8 14. a4 Nbd7 15. Bd3
d5 16. exd5 exd4 17. Rxe8 Qxe8 18. Nxd4 Bxd5 19. axb5 axb5 20. Rxa8 Qxa8 21. Bf1
b4 22. cxb4 Bxb4 23. Nc4 Bc5 24. Be3 Qb7 25. Qc1 Qb4 26. Nf5 Be4 27. Bxc5 Qxc5
28. Nfe3 Nb6 29. Qc3 Nbd5 30. Qe5 Qe7 31. Qxe7 Nxe7 32. f3 Bb7 33. Kf2 Kf8 34.
Ne5 Nc6 35. Nxc6 Bxc6 36. Bc4 g6 37. h4 Ke7 38. Ke2 Nd7 39. Kd3 Bb7 40. b4 Ne5+
41. Kd4 Kd6 42. Bb3 Bc8 43. f4 Nc6+ 44. Kc3 Nd8 45. g3 Bd7 46. Nc4+ Ke7 47. Ne3
h5 48. Bc2 Nb7 49. Kd4 Nd6 50. Ke5 Be6 51. f5 gxf5 52. Nxf5+ Bxf5 53. Bxf5 f6+
54. Kf4 Ne8 55. Bd3 Ng7 56. Bc4 Kd6 57. g4 hxg4 58. Kxg4 Ke5 59. b5 Nf5 60. Bd3
Ne3+ 61. Kf3 Nd5 62. h5 f5 63. h6 Kf6 1/2-1/2

[Event "21st European Teams"]
[Site "Hersonissos GRE"]
[Date "2017.10.30"]
[Round "3.2"]
[Board "4"]
[White "Matlakov, Maxim"]
[Black "Plat, Vojtech"]
[Result "1/2-1/2"]
[WhiteTitle "GM"]
[BlackTitle "GM"]
[WhiteElo "2730"]
[BlackElo "2551"]
[WhiteTeam "Russia"]
[BlackTeam "Czech Republic"]
[WhiteFideId "4168003"]
[BlackFideId "325740"]
[EventDate "2017.10.28"]

1. Nf3 Nf6 2. c4 g6 3. Nc3 d5 4. cxd5 Nxd5 5. Qc2 Nc6 6. Qb3 Nb6 7. d4 Be6 8.
Qd1 Bg7 9. e3 O-O 10. Be2 Bc4 11. Bxc4 Nxc4 12. O-O Qd7 13. Qb3 Nb6 14. Rd1 Rad8
15. Ne4 Na5 16. Qc2 Qf5 17. Bd2 Nac4 18. Rdc1 e5 19. dxe5 Bxe5 20. Nxe5 Nxe5 21.
Rd1 Nd5 22. Rac1 Rfe8 23. Be1 h5 24. h3 b6 25. b4 Rd7 26. b5 Red8 27. Rd4 Ne7
28. Bc3 Rd5 29. Ba1 c5 30. bxc6 Rxd4 31. c7 R4d7 32. cxd8=Q+ Rxd8 33. f3 Rc8 34.
Qb2 Rxc1+ 35. Qxc1 N7c6 36. Qd2 Qe6 37. f4 Nc4 38. Qd3 Kf8 39. Kh2 b5 40. Bf6
Ke8 41. Bg5 f5 42. Nf6+ Kf7 43. e4 Qd6 44. Nd5 fxe4 45. Qxe4 Nd2 46. Qd3 Nc4 47.
Qe4 Nd2 1/2-1/2